Einführung in die ägyptische rechtsgeschichte bis zum ende des neuen reiches ...

محفوظ في:

المؤلف الرئيسي: Scharff, Alexander, 1892-1950. (مؤلف)

مؤلفون آخرون: Seidl, Erwin, 1905-1987.

التنسيق: كتاب

اللغة: German

منشور في: Gluckstadt ; New York : Verlag J. J. Augustin, 1939-

سلاسل: Agyptologische Forschungen ; 10.
AgForsch ; 10.

الموضوعات:

الوسوم: إضافة وسم

لا توجد وسوم, كن أول من يضع وسما على هذه التسجيلة!

رقم الطلب: DT57 .A4 v.10

LEADER 01088namaa2200301 4500
001 22923
003 OSt
005 20211225063942.0
008 130303s1939 gw g 000 0 ger d
952 |0 0  |1 0  |2 lcc  |3 v.10  |4 0  |6 DT0057 A4 V.00010  |7 1  |9 23994  |a ARCE  |b ARCE  |d 2021-12-25  |l 0  |o DT57 .A4 v.10  |p 1008631  |r 2021-12-25 00:00:00  |w 2021-12-25  |y BK 
999 |c 20400  |d 20400 
040 |c ARCE Library 
043 |a f-ua--- 
050 4 |a DT57 .A4 v.10  
100 1 |a Scharff, Alexander,   |d 1892-1950.  |e author 
245 1 0 |a Einführung in die ägyptische rechtsgeschichte bis zum ende des neuen reiches ...  
264 1 |a Gluckstadt ;   |a New York :   |b Verlag J. J. Augustin,   |c 1939- 
300 |a volumes ;   |c 30 cm. 
490 1 |a Agyptologische Forschungen ;   |v 10. 
490 1 |a AgForsch ;   |v 10. 
500 |a At head of title: Alexander Scharff und Erwin Seidl. 
505 2 |g I.  |t Juristischer teil /  |r Erwin Seidl. 
650 0 |a Law  |z Egypt. 
700 1 |a Seidl, Erwin,   |d 1905-1987. 
830 0 |a Agyptologische Forschungen ;   |v 10. 
830 0 |a AgForsch ;   |v 10. 
901 |a reviewed 
942 |c BK  |2 lcc